|
|
|
|
| LEADER |
00000nam0a2200000 4500 |
| 001 |
23172 |
| 005 |
20231030195133.0 |
| 010 |
|
|
|a 5811402465
|
| 035 |
|
|
|a (RuTPU)RU\TPU\book\23390
|
| 035 |
|
|
|a BOOK00023462
|
| 090 |
|
|
|a 23172
|
| 100 |
|
|
|a 20011209d2000 m y0rusy50 ca
|
| 101 |
0 |
|
|a rus
|
| 102 |
|
|
|a RU
|
| 105 |
|
|
|a y z 000zy
|
| 200 |
1 |
|
|a Криптография
|f А. А. Молдовян, Н. А. Молдовян, Б. Я. Советов
|
| 210 |
|
|
|a СПб.
|c Лань
|d 2000
|
| 215 |
|
|
|a 218 с.
|
| 451 |
|
1 |
|0 (RuTPU)RU\TPU\book\45545
|y 5-8114-0246-5
|t Криптография
|f А. А. Молдовян, Н. А. Молдовян, Б. Я. Советов
|c СПб.
|n Лань
|d 2001
|p 224 с.
|s Учебники для вузов. Специальная литература
|a Молдовян, Александр А.
|
| 610 |
1 |
|
|a криптография
|
| 610 |
1 |
|
|a информация
|
| 610 |
1 |
|
|a защита
|
| 610 |
1 |
|
|a шифрование
|
| 610 |
1 |
|
|a криптосистемы
|
| 610 |
1 |
|
|a шифры
|
| 610 |
1 |
|
|a информатика
|
| 610 |
1 |
|
|a криптология
|
| 610 |
1 |
|
|a компьютерные системы
|
| 675 |
|
|
|a 681.3.067
|v 3
|
| 700 |
|
1 |
|a Молдовян
|b А. А.
|
| 701 |
|
1 |
|a Молдовян
|b Н. А.
|
| 701 |
|
1 |
|a Советов
|b Б. Я.
|
| 801 |
|
0 |
|a RU
|b 63413507
|c 20011209
|g PSBO
|
| 801 |
|
2 |
|a RU
|b 63413507
|c 20150907
|g PSBO
|
| 942 |
|
|
|c BK
|